| 000 | 02064cam a22004934i 4500 | ||
|---|---|---|---|
| 003 | PE-LiUPU | ||
| 005 | 20250731173023.0 | ||
| 008 | 150623s1998 xxua r 000 0 spa d | ||
| 020 | _a0829716831 | ||
| 035 | _a(Sirsi) i9780829716832 | ||
| 040 |
_aPE-LiUPU _bspa _cPE-LiUPU _erda |
||
| 049 | _aPRUA | ||
| 082 | 0 | 4 |
_a254.5 _bW27I _221 |
| 100 | 1 |
_aWarren, Rick, _eautor. |
|
| 245 | 1 | 4 |
_aUna iglesia con propósito: cómo crecer sin comprometer el mensaje y la misión / _cRick Warren. |
| 264 | 1 |
_aMiami, Florida : _bVida, _c1998. |
|
| 300 |
_a410 páginas : _bilustraciones, gráficos ; _c22 centímetros |
||
| 336 |
_atext _2rdacontent |
||
| 337 |
_aunmediated _2rdamedia |
||
| 338 |
_avolume _2rdacarrier |
||
| 505 | 0 | _aMire el gran cuadro -- Conviertase en una iglesia con propósito -- Alcance a su comunidad -- Traiga una multitud -- Edifique la iglesia. | |
| 526 | _aSEG42 | ||
| 526 | _aSEG41 | ||
| 526 | _aSEG40 | ||
| 526 | _aSEG39 | ||
| 526 | _aP94 | ||
| 526 | _aP87 | ||
| 526 | _aP86 | ||
| 526 | _aP85 | ||
| 526 | _aP77 | ||
| 526 | _aP76 | ||
| 526 | _aP35 | ||
| 650 | 1 | 4 |
_aCrecimiento de iglesia _zEstados Unidos. |
| 650 | 2 | 4 | _aMisión de la iglesia. |
| 942 |
_2ddc _cBOOK |
||
| 949 |
_a254.5 W27I _wDEWEY _c1 _i47850 _d2015-9-16 _e2015-9-2 _lCCODEBUL1 _mBUL _n2 _r0 _sY _tBOOK _u2015-6-24 _xTEOLOGIA _PP35 _0COMPRA _o.STAFF. Colección Teología |
||
| 949 |
_a254.5 W27I _wDEWEY _c2 _i47849 _d2015-12-9 _e2015-12-2 _lCCODEBUL1 _mBUL _n5 _r0 _sY _tBOOK _u2015-6-24 _xTEOLOGIA _PP35 _0COMPRA _o.STAFF. Colección Teología |
||
| 994 |
_aC0 _bPEPRU |
||
| 596 | _a1 | ||
| 999 |
_a254.5 W27I _wDEWEY _c24322 _i47850 _d24322 _e2015-9-2 _f2021-11-10 _g5 _lCCODEBUL1 _mBUL _n2 _p25.00 _r0 _sY _tBOOK _u2015-6-24 _xTEOLOGIA _PP35 _0COMPRA _o.STAFF. Colección Teología |
||
| 999 |
_a254.5 W27I _wDEWEY _c2 _i47849 _d2018-2-5 _e2018-1-19 _f2021-11-10 _g5 _lCCODEBUL1 _mBUL _n8 _p33.00 _r0 _sY _tBOOK _u2015-6-24 _xTEOLOGIA _PP35 _0COMPRA _o.STAFF. Colección Teología |
||
| 980 |
_81 _gALBERTO SANCHEZ Responsable de Automatización |
||